| 000 | 00424nam a2200145Ia 4500 | ||
|---|---|---|---|
| 008 | 230917s9999||||xx |||||||||||||| ||und|| | ||
| 040 |
_e215848 _aMAIN |
||
| 041 | _aEnglish | ||
| 082 | _a891.4408 T129D:R | ||
| 100 | _aDasgupta, Sanjukta | ||
| 245 | 0 | _aRadical Rabindranath: Nation, family and gender in Tagore`'s fiction and films | |
| 260 |
_aNew Delhi _bOrient Blackswan _c2013 |
||
| 300 | _axlvi, 343 p. | ||
| 942 | _cBK | ||
| 999 |
_c179511 _d179511 |
||